Prognózovanie úmrtnosti populácie na Slovensku bakalárska práca

Salvato in:
Dettagli Bibliografici
Autore principale: Riedel, Juraj
Ente Autore: Fakulta hospodárskej informatiky EU. Katedra matematiky a aktuárstva
Altri autori: Šoltésová, Tatiana, 1975-
Natura: Libro
Lingua:slovacco
Pubblicazione: Bratislava 2024
Tags: Aggiungi Tag
Nessun Tag, puoi essere il primo ad aggiungerne!!

MARC

LEADER 00000nbm a2200000 4500
001 0302526
005 20250904100743.4
041 0 |a slo 
044 |a SK 
245 1 0 |a Prognózovanie úmrtnosti populácie na Slovensku  |b bakalárska práca  |c Juraj Riedel ; školiteľ: Tatiana Šoltésová 
264 1 |a Bratislava  |c 2024 
300 |a 39 s. 
100 1 |a Riedel, Juraj 
700 1 |a Šoltésová, Tatiana, 1975- 
710 2 |a Fakulta hospodárskej informatiky EU. Katedra matematiky a aktuárstva